Statistics for Most Popular Halloween Candies In USA

Click here to take the quiz!

General Stats

  • This quiz has been taken 23 times
  • The average score is 8 of 25

Answer Stats

#Answer% Correct
3Snickers
83%
2M & Ms
74%
1Skittles
70%
22Twix
70%
6Candy Corn
65%
16Milky Way
57%
18Kit Kat
52%
14Butterfinger
48%
13Almond Joy
48%
4Reese's Cups
35%
20Musketeers
35%
12Sour Patch Kids
30%
10Jolly Ranchers
26%
5Starburst
22%
11Taffy
17%
17Swedish Fish
17%
24Whoppers
17%
25Licorice
13%
9Tootsie Pops
9%
15Blow Pops
9%
7Hot Tamales
9%
21Lemonheads
4%
23Life Savers
4%
8Hershey's Mini Bars
0%
19Dubble Bubble Gum
0%

Score Distribution

Percentile by Number Answered

Percent of People with Each Score

Your Score History

You have not taken this quiz